| 000 | 00937cam a2200241 a 4500 | ||
|---|---|---|---|
| 999 |
_c59560 _d59560 |
||
| 001 | 2844474 | ||
| 005 | 20230314170653.0 | ||
| 008 | 840806s1998 enk b 001 0 eng | ||
| 020 | _a042153470x | ||
| 041 | _aeng | ||
| 080 | _a341.4 H-30 | ||
| 100 | 1 |
_aHarris, D. J. _q(David John) _917210 |
|
| 245 | 1 | 0 |
_aCases and materials on international law / _cD.J. Harris. |
| 250 | _aFifth edition | ||
| 264 |
_aLondon : _bSweet & Maxwell, _c1998. |
||
| 300 |
_a1123 p. ; _c24 cm. |
||
| 500 | _a"Charter of the United Nations": p. 748-770. | ||
| 500 | _a"Statute of the International Court of Justice": p. 770-780. | ||
| 504 | _aIncludes bibliographical references and indexes. | ||
| 653 | _aᲡაერთაშორისო სამართალი | ||
| 653 | _aსაქმეები და მასალები საერთაშორისო სამართლის შესახებ | ||
| 942 |
_2udc _cBK |
||